|
|
|
|
| LEADER |
01647nam a2200337 4500 |
| 001 |
ocn795707395 |
| 003 |
OCoLC |
| 005 |
20180501121958.0 |
| 006 |
m o d |
| 007 |
cr cnu---unuuu |
| 008 |
120618s2005 xx o 001 0 eng d |
| 040 |
|
|
|a OPELS
|b eng
|e pn
|c OPELS
|d OCLCQ
|d OCLCF
|d OCLCQ
|d GrThAP
|
| 020 |
|
|
|a 0124695620
|q (electronic bk.)
|
| 020 |
|
|
|a 9780124695627
|q (electronic bk.)
|
| 035 |
|
|
|a (OCoLC)795707395
|
| 050 |
|
4 |
|a QD421.A1
|b A45 v.62
|
| 082 |
0 |
4 |
|a 572/.549
|2 23
|
| 049 |
|
|
|a TEFA
|
| 245 |
0 |
4 |
|a The alkaloids.
|n Volume 62 :
|b chemistry and biology /
|c edited by G.A. Cordell.
|
| 260 |
|
|
|a [Place of publication not identified] :
|b Academic Press,
|c 2005.
|
| 300 |
|
|
|a 1 online resource
|
| 336 |
|
|
|a text
|b txt
|2 rdacontent
|
| 337 |
|
|
|a computer
|b c
|2 rdamedia
|
| 338 |
|
|
|a online resource
|b cr
|2 rdacarrier
|
| 520 |
|
|
|a This series is world-renowned as the leading compilation of current reviews of this vast field. Internationally acclaimed for more than forty years, The Alkaloids: Chemistry and Biology, founded by the late Professor R.H.F. Manske, continues to provide outstanding coverage of this rapidly expanding field. Each volume provides, through its distinguished authors, up-to-date and detailed coverage of particular classes or sources of alkaloids.
|
| 588 |
0 |
|
|a Online resource; title from publisher's Web site (ScienceDirect, viewed on June 18, 2012).
|
| 650 |
|
0 |
|a Alkaloids.
|
| 650 |
|
7 |
|a Alkaloids.
|2 fast
|0 (OCoLC)fst00805398
|
| 655 |
|
4 |
|a Electronic books.
|
| 700 |
1 |
|
|a Cordell, Geoffrey A.,
|d 1946-
|
| 856 |
4 |
0 |
|u https://www.sciencedirect.com/science/bookseries/10994831/62
|z Full Text via HEAL-Link
|